Integración Centroamericana y Absorción de MAno de Obra Guatemala /

Gespeichert in:
Bibliographische Detailangaben
1. Verfasser: Noyola, Gustavo A.
Format: Unbekannt
Schlagworte:
Tags: Tag hinzufügen
Keine Tags, Fügen Sie den ersten Tag hinzu!

MARC

LEADER 00000 a2200000 04500
001 31444
003 cru IIS
005 20230307140905.0
008 991231s d
040 |a CRAI/IIS  |c CRAI/IIS 
090 |a 0001 C172f  
100 1 |a Noyola, Gustavo A.  |9 10973 
245 |a Integración Centroamericana y Absorción de MAno de Obra Guatemala /  |c Gustavo A. Noyola 
300 |a 276-319 p.  
650 |a MERCADO COMUN CENTROAMERICANO  
650 |a MCCA  
650 |a DESEMPLEO  
650 |a INDICADORES SOCIALES  
650 |a INDICADORES ECONOMICOS  
650 |a INDICADORES ECONOMICOS  
650 |a INDICADORES SOCIALES  
773 0 |0 12363  |9 8351  |a Camacho, Daniel   |d San José: EDUCA, 1979  |o 02778  |t El Fracaso social de la integración centroamericana: Capital, tecnología y empleo /  |w (cru IIS)31338 
942 |2 ddc  |c LI 
999 |c 7031  |d 7031